Mechanismy manipulátorů a průmyslových robotů

Gespeichert in:
Bibliographische Detailangaben
Hauptverfasser: Matička, Robert (Verfasst von), Talácko, Jaroslav (Verfasst von)
Format: Buch
Sprache:Tschechisch
Veröffentlicht: Praha : SNTL, 1980
Tags: Tag hinzufügen
Keine Tags, Fügen Sie das erste Tag hinzu!

MARC

LEADER 00000nam a22000003a 4500
001 stu33482
005 20150617225733.6
008 981021s1980------------------------cze-d
040 |a STU  |b slo 
041 0 |a cze 
080 |a 621.8-23 
080 |a 007.52 
100 1 |a Matička, Robert  |4 aut 
245 1 |a Mechanismy manipulátorů a průmyslových robotů 
260 |a Praha :  |b SNTL,  |c 1980 
700 1 |a Talácko, Jaroslav  |4 aut 
996 |b 284EK04505  |c E*50522  |l EE01  |s A  |a 24  |w stu33482_0001 
996 |b 284EK04976  |c E*50521  |l EE0101  |s P  |a 0  |w stu33482_0005